=LDR 00000nam 2200000 4500 =001 INLIS000000000008690 =005 20130612100527 =008 ***********************************aInd** =035 ##$$0010-061300000008690 =041 ##$$a aInd =082 ##$$a 372 304 =090 ##$$a 372 304, Suk i =100 ##$$a Sukarman =245 ##$$a IPA Untuk Kls iii 1A, Soekarman =260 ##$$a 2002 $b Semarang =300 ##$$a 63 hlm, Ilus, 30 cm =650 ##$$a Pendidikan Dasar Sains =850 ##$$a NBPNMAT